| 000 | 02400nam a22002417a 4500 | ||
|---|---|---|---|
| 003 | NALT | ||
| 005 | 20221118164642.0 | ||
| 008 | 220828b th ||||| |||| 00| 0 tha d | ||
| 020 | _a9786167305721 | ||
| 040 | _aNALT | ||
| 050 |
_aDS 578.32 _bส731ส 2556 |
||
| 245 | 1 | 0 |
_aสื่อสารจากน้ำพระราชหฤทัย สมเด็จพระนางเจ้าสิริกิติ์ พระบรมราชินีนาถ สู่ความยั่งยืน / _cคณะกรรมการกิจการกระจายเสียง กิจการโทรทัศน์ และกิจการโทรคมนาคมแห่งชาติ. |
| 260 |
_aกรุงเทพฯ : _bคณะกรรมการกิจการกระจายเสียง กิจการโทรทัศน์ และกิจการโทรคมนาคมแห่งชาติ, _c2556. |
||
| 300 |
_a84 หน้า : _bภาพประกอบ ; _c23 ซม. |
||
| 500 | _aเฉลิมพระเกียรติสมเด็จพระนางเจ้าสิริกิติ์ พระบรมราชินีนาถ เนื่องในโอกาสวันเฉลิมพระชนมพรรษา 12 สิงหาคม 2556. | ||
| 505 | 0 | _aสื่อสารน้ำพระราชหฤทัย -- ธำรงธรรมชาติของไทยให้ยั่งยืน -- ฟื้นฟูศิลปะและวัฒนธรรมเพื่อปวงไทย -- ขจรไกลพระเกียรติคุณ. | |
| 600 | 0 | 4 |
_9499 _aสิริกิติ์ พระบรมราชินีนาถ, _cสมเด็จพระนางเจ้า _xพระราชกรณียกิจ |
| 600 | 0 | 4 |
_912020 _aสิริกิติ์ พระบรมราชินีนาถ, _cสมเด็จพระนางเจ้า, _d2475- |
| 710 | 2 |
_929387 _aคณะกรรมการกิจการกระจายเสียง กิจการโทรทัศน์ และกิจการโทรคมนาคมแห่งชาติ |
|
| 850 | _aNALT | ||
| 942 |
_2lcc _cGB |
||
| 998 |
_akornsiririn _j3099 _k พรวิทู โค้วคชาภรณ์ |
||
| 999 |
_c100622 _d100622 |
||